Технология получения модифицированного ионами марганца (II) оксигидроксида алюминия нановолокнистой структуры и материалов на его основе: диссертация на соискание ученой степени кандидата технических наук; спец. 05.17.11

Bibliografiske detaljer
Hovedforfatter: Грязнова Е. Н. Елена Николаевна
Institution som forfatter: Национальный исследовательский Томский политехнический университет (ТПУ) Институт физики высоких технологий (ИФВТ) Кафедра общей химии и химической технологии (ОХХТ)
Andre forfattere: Коробочкин В. В. Валерий Васильевич (научный руководитель)
Summary:Заглавие с титульного экрана
Электронная версия печатной публикации
Sprog:russisk
Udgivet: Томск, [Б. и.], 2015
Fag:
Online adgang:http://earchive.tpu.ru/handle/11683/30548
Format: MixedMaterials Electronisk Bog
KOHA link:https://koha.lib.tpu.ru/cgi-bin/koha/opac-detail.pl?biblionumber=318301

MARC

LEADER 00000nlm0a2200000 4500
001 318301
005 20231102003048.0
035 |a (RuTPU)RU\TPU\book\343799 
035 |a RU\TPU\book\343796 
090 |a 318301 
100 |a 20160425j20150929k y0rusy50 ca 
101 0 |a rus 
102 |a RU 
105 |a a m 001zy 
135 |a drcn ---uucaa 
181 0 |a i  
182 0 |a b 
200 1 |a Технология получения модифицированного ионами марганца (II) оксигидроксида алюминия нановолокнистой структуры и материалов на его основе  |b Электронный ресурс  |e диссертация на соискание ученой степени кандидата технических наук  |e спец. 05.17.11  |f Е. Н. Грязнова  |g Национальный исследовательский Томский политехнический университет (ТПУ) ; науч. рук. В. В. Коробочкин 
203 |a Текст  |c электронный 
210 |a Томск  |c [Б. и.]  |d 2015 
215 |a 1 файл (4.67 Mb) 
230 |a Электронные текстовые данные (1 файл : 4.67 Mb) 
300 |a Заглавие с титульного экрана 
300 |a Электронная версия печатной публикации 
452 1 |0 (RuTPU)RU\TPU\book\337655  |t Технология получения модифицированного ионами марганца (II) оксигидроксида алюминия нановолокнистой структуры и материалов на его основе  |o диссертация на соискание ученой степени кандидата технических наук  |o спец. 05.17.11  |f Е. Н. Грязнова  |g Национальный исследовательский Томский политехнический университет (ТПУ) ; науч. рук. В. В. Коробочкин  |c Томск  |n [Б. и.]  |d 2015  |p 135 л.  |a Грязнова, Елена Николаевна 
606 1 |a Алюминий, соединения  |2 stltpush  |3 (RuTPU)RU\TPU\subj\32768  |9 55211 
610 1 |a диссертации 
610 1 |a электронный ресурс 
610 1 |a труды учёных ТПУ 
610 1 |a получение 
610 1 |a модифицирование 
610 1 |a ионы марганца 
610 1 |a оксигидроксиды 
610 1 |a алюминий 
610 1 |a нановолокнистые структуры 
610 1 |a наноматериалы 
610 1 |a нанопорошки 
610 1 |a нановолокна 
610 1 |a фотометрические методы 
610 1 |a электронная микроскопия 
610 1 |a аппаратурно-технологические схемы 
675 |a 661.86(04)  |v 3 
686 |a 05.17.11  |2 oksvnk 
700 1 |a Грязнова  |b Е. Н.  |c химик-технолог  |c инженер-исследователь Томского политехнического университета  |f 1987-  |g Елена Николаевна  |2 stltpush  |3 (RuTPU)RU\TPU\pers\30190 
702 1 |a Коробочкин  |b В. В.  |c российский химик-технолог  |c профессор Томского политехнического университета, доктор технических наук  |f 1951-  |g Валерий Васильевич  |2 stltpush  |3 (RuTPU)RU\TPU\pers\27915  |4 727 
712 0 2 |a Национальный исследовательский Томский политехнический университет (ТПУ)  |b Институт физики высоких технологий (ИФВТ)  |b Кафедра общей химии и химической технологии (ОХХТ)  |h 7617  |2 stltpush  |3 (RuTPU)RU\TPU\col\21253 
801 2 |a RU  |b 63413507  |c 20160704  |g RCR 
856 4 |u http://earchive.tpu.ru/handle/11683/30548 
942 |c CF